000
00355nam a2200133Ia 4500
008
151001s9999||||xx |||||||||||||| ||und||
100
_a
बा ग जोशी
245
_a
पुन्हा एकदा बंडू
250
_a
1
260
_b
अथर्व प्रकाशन
260
_c
2009
300
_a
280
365
_b
18
999
_c
992023
_d
992020